Expert witness supplement (Record no. 78682)
[ view plain ]
| 000 -LEADER | |
|---|---|
| fixed length control field | 01827cab a22003735a 4500 |
| 001 - CONTROL NUMBER | |
| control field | L137663 |
| 008 - FIXED-LENGTH DATA ELEMENTS--GENERAL INFORMATION | |
| fixed length control field | 070424e20070330xxk f 000 0 eng d |
| 035 ## - SYSTEM CONTROL NUMBER | |
| System control number | (Sirsi) u137663 |
| 041 0# - LANGUAGE CODE | |
| Language code of text/sound track or separate title | eng |
| 100 1# - MAIN ENTRY--PERSONAL NAME | |
| Personal name | James, Mark |
| 245 00 - TITLE STATEMENT | |
| Title | Expert witness supplement |
| 260 ## - PUBLICATION, DISTRIBUTION, ETC. | |
| Date of publication, distribution, etc. | 2007 |
| 490 ## - SERIES STATEMENT | |
| Series statement | New Law Journal |
| Volume/sequential designation | 157(7266/7267) 30 March and 6 April 2007, 454-463(8) |
| 520 ## - SUMMARY, ETC. | |
| Summary, etc. | Four articles tackling expert witness issues. "Closing down" looks at the controversial practice of expert shopping and illustrates how cases such as "Beck v Ministry of Defence" ([2003] EWCA Civ 1043, [2003] All ER (D) 406) are discouraging this practice. "Expert justice" considers whether expert witnesses need protection in the disciplinary regime following "Meadow v General Medical Council" ([2006] EWCA 1390, L135561). "More to learn" questions whether training for expert witnesses meets the needs of experts or the needs of the training providers. "Mistakes in court" discusses recent cases involving elementary faults, conflicts of interest and causation. |
| 590 ## - LOCAL NOTE (RLIN) | |
| Local note | KA |
| 650 24 - SUBJECT ADDED ENTRY--TOPICAL TERM | |
| Topical term or geographic name entry element | BECK V MOD |
| 650 24 - SUBJECT ADDED ENTRY--TOPICAL TERM | |
| Topical term or geographic name entry element | VASILIOU V HAJIGEORGIOU |
| 650 24 - SUBJECT ADDED ENTRY--TOPICAL TERM | |
| Topical term or geographic name entry element | CARLSON V TOWNSEND |
| 650 24 - SUBJECT ADDED ENTRY--TOPICAL TERM | |
| Topical term or geographic name entry element | CARRUTHERS V MP FIREWORKS LTD AND ANOTHER |
| 650 24 - SUBJECT ADDED ENTRY--TOPICAL TERM | |
| Topical term or geographic name entry element | BREEZE V AHMED |
| 650 24 - SUBJECT ADDED ENTRY--TOPICAL TERM | |
| Topical term or geographic name entry element | PETURSSON AND ANOTHER V HUTCHINSON 3G UK LTD |
| 650 24 - SUBJECT ADDED ENTRY--TOPICAL TERM | |
| Topical term or geographic name entry element | R V BEATTY |
| 650 24 - SUBJECT ADDED ENTRY--TOPICAL TERM | |
| Topical term or geographic name entry element | AIRD AND ANOTHER V PRIME MERIDIAN LTD |
| 650 24 - SUBJECT ADDED ENTRY--TOPICAL TERM | |
| Topical term or geographic name entry element | TOTH V JARMAN |
| 650 24 - SUBJECT ADDED ENTRY--TOPICAL TERM | |
| Topical term or geographic name entry element | CASEY V CARTWRIGHT |
| 650 24 - SUBJECT ADDED ENTRY--TOPICAL TERM | |
| Topical term or geographic name entry element | R V WILTSHIRE CC EX P MIDWINTER |
| 650 24 - SUBJECT ADDED ENTRY--TOPICAL TERM | |
| Topical term or geographic name entry element | MEADOW V GENERAL MEDICAL COUNCIL |
| 651 #4 - SUBJECT ADDED ENTRY--GEOGRAPHIC NAME | |
| Geographic name | England and Wales |
| Chronological subdivision | 1543- |
| 690 ## - LOCAL SUBJECT ADDED ENTRY--TOPICAL TERM (OCLC, RLIN) | |
| Topical term or geographic name as entry element | MANAGEMENT-DISPUTE AVOIDANCE, MANAGEMENT AND RESOLUTION-DISPUTE MANAGEMENT AND RESOLUTION-EXPERT WITNESSES |
| 700 1# - ADDED ENTRY--PERSONAL NAME | |
| Personal name | Gooderham, Peter |
| 700 1# - ADDED ENTRY--PERSONAL NAME | |
| Personal name | Cooper, Penny |
| 700 1# - ADDED ENTRY--PERSONAL NAME | |
| Personal name | Mahendra, B. |
| 942 ## - ADDED ENTRY ELEMENTS (KOHA) | |
| Suppress in OPAC | 0 |
| Withdrawn status | Lost status | Source of classification or shelving scheme | Damaged status | Not for loan | Home library | Current library | Shelving location | Date acquired | Total Checkouts | Full call number | Barcode | Date last seen | Copy number | Price effective from | Koha item type |
|---|---|---|---|---|---|---|---|---|---|---|---|---|---|---|---|
| Dewey Decimal Classification | London | London | Journal article | 24/04/2007 | L137663 | 137663-1001 | 06/08/2019 | 1 | 06/08/2019 | Journal article |